| 000 | 00531nam a2200181 i 4500 | ||
|---|---|---|---|
| 001 | 78238 | ||
| 003 | ES-MaACL | ||
| 005 | 20230906173621.0 | ||
| 007 | t| | ||
| 008 | 041013s1959 sp af |||| | spa d | ||
| 100 | 1 |
_aHansen, Henry Harald. _961765 |
|
| 245 | 1 | 0 |
_aHistoria gráfica de la moda / _cHenry Harald Hansen. |
| 250 | _a1ª ed. | ||
| 260 |
_aBarcelona : _bJuventud, _c1959 ( _fAgustín Núñez) |
||
| 300 |
_a160 p., 48 lám. col. : _bil. ; _c25 cm. |
||
| 650 | 0 | 4 |
_aTraje- _xHistoria. _9136943 |
| 852 |
_aES-MaACL _jC-12994 |
||
| 999 |
_c78238 _d78238 |
||